Statistiques concernant Les plus gros transferts du football - Footballeurs portugais

Cliquez ici pour prendre le quiz!

Statistiques générales

  • Ce quiz a été pris 116 fois
  • Le résultat moyen est 8 sur 10

Statistiques - réponses

Montant de transfert (M €)SaisonVenant deAllant àJoueur% Correct
117,002018-2019Real MadridJuventus TurinCristiano Ronaldo
100%
94,002009-2010Manchester UnitedReal MadridCristiano Ronaldo
100%
127,202019-2020BenficaAtlético MadridJoão Félix
95%
71,602020-2021BenficaManchester CityRúben Dias
90%
65,002023-2024BenficaParis SGGonçalo Ramos
88%
60,002000-2001BarceloneReal MadridLuís Figo
87%
65,002019-2020Sporting CPManchester UnitedBruno Fernandes
86%
65,002019-2020Juventus TurinManchester CityJoão Cancelo
83%
62,002023-2024WolverhamptonManchester CityMatheus Nunes
57%
60,002023-2024FC PortoAl-NassrOtávio
45%

Distribution des résultats

Percentile par nombre de réponses

% des personnes avec chaque résultat

Votre développement - résultats

Vous n’avez pas pris ce quiz